Indian philosophy/ (Record no. 164627)
[ view plain ]
| 000 -LEADER | |
|---|---|
| fixed length control field | 00432nam a2200169 4500 |
| 005 - DATE AND TIME OF LATEST TRANSACTION | |
| control field | 20190523150007.0 |
| 010 ## - LCCN (DPL NO) | |
| LC control number | A-817403 |
| 035 ## - SYSTEM CONTROL NUMBER | |
| System control number | A-817403 |
| 037 ## - SOURCE OF ACQUISITION | |
| Source of stock number/acquisition | DBAD/PUB |
| 082 ## - DEWEY DECIMAL CLASSIFICATION NUMBER | |
| Classification number | 181.499 |
| 100 ## - MAIN ENTRY--PERSONAL NAME | |
| Personal name | Radhey Shyam |
| 245 ## - TITLE STATEMENT | |
| Title | Indian philosophy/ |
| Statement of responsibility, etc | Radhey Shyam |
| 300 ## - PHYSICAL DESCRIPTION | |
| Extent | 807p. |
| Dimensions | 21cms(Hbk) |
| 500 ## - GENERAL NOTE | |
| General note | It includes index |
| 942 ## - ADDED ENTRY ELEMENTS (KOHA) | |
| Source of classification or shelving scheme | Dewey Decimal Classification |
| Item type | English Books |
| Classification part | 181.499 |
| Call number suffix | RAD |
| Withdrawn status | Lost status | Not for loan | Collection code | Home library | Current library | Date acquired | Source of acquisition | Full call number | Barcode | Copy number | Koha item type |
|---|---|---|---|---|---|---|---|---|---|---|---|
| Not For Loan | Non-fiction | Central Library | Central Library | 23/05/2019 | DBAD/PUB | 181.499 RAD | A-817403 | 1 | English Books |
